banner-ar

العالم العربى اطلس معلومات المجتمع والجغرافيا السياسية / (Record no. 45084)

MARC details
000 -الفاتح
حقل البيانات ثابتة الطول 00538nam a2200181Ia 4500
008 - عناصر البيانات ثابتة الطول - معلومات عامة
حقل البيانات ثابتة الطول 140319s9999 xx 000 0 ara d
040 ## - مصدر الفهرسة
وكالة الفهرسة الأصلية GCL /
وكالة النسخ GCL
082 04 - رقم تصنيف ديوى العشرى
رقم التصنيف 912.3
رقم المادة ر ع
100 1# - المدخل الرئيسى - إسم شخصى
الإسم الشخصى رفيق البستانى
245 10 - بيان العنوان
العنوان العالم العربى اطلس معلومات المجتمع والجغرافيا السياسية /
بيان المسئوليه,etc رفيق البستانى
700 1# - المدخل الاضافى - اسم شخصى
الإسم الشخصى فيليب فارج
300 ## - الوصف المادى
التعداد 144 ص
490 ## - بيان السلسلة
عنوان السلسلة
650 04 - المدخل الاضافى بالموضوع-مصطلح موضوعى
مصطلح موضوعي الجغرافيا
650 04 - المدخل الاضافى بالموضوع-مصطلح موضوعى
مصطلح موضوعي الاطالس
942 ## - عناصر المدخل الإضافي( كوها)
مصدر التصنيف او مخطط الترفيف Dewey Decimal Classification
Koha [default] item type كتاب
Holdings
حالة التراجع حالة الفقد حالة تلف ليس للاعارة المكان المؤقت الموقع الحالى تاريخ الاكتساب اجمالي اﻻعارات رقم الطلب الباركود تاريخ اخر مشاهدة تاريخ تفعيل السعر نوع وعاء كوها
        مكتبة القاهرة الكبرى مكتبة القاهرة الكبرى 03/26/2014   912.3\ر ع 110046 03/26/2014 03/26/2014 كتاب

Powered By

EGPV